[Event "34 Open Internacional Ciudad de San Seba"]
[Site "Donostia-San Sebastian"]
[Date "2011.04.23"]
[Round "9"]
[White "Spraggett, Kevin"]
[Black "Huerga Leache, Mikel"]
[Result "1/2-1/2"]
[WhiteElo "2576"]
[BlackElo "2440"]
[PlyCount "158"]
[EventDate "2011.04.16"]
[EventRounds "9"]
[EventCountry "ESP"]

1. e4 c5 2. Nf3 Nc6 3. Bb5 g6 4. Bxc6 dxc6 5. d3 Bg7 6. h3 Nf6 7. Nc3 Nd7 8.
Be3 e5 9. Qd2 h6 10. O-O Qe7 11. a3 Nf8 12. b4 Ne6 13. Na4 Nd4 14. Nh2 b6 15.
Rab1 cxb4 16. axb4 b5 17. Nc5 a5 18. c3 Ne6 19. Nxe6 Bxe6 20. bxa5 Rxa5 21. c4
Qd8 22. cxb5 Rxb5 23. Rxb5 cxb5 24. Nf3 O-O 25. Bxh6 Bxh6 26. Qxh6 Qf6 27. Rb1
Rb8 28. Rb4 Bd7 29. d4 exd4 30. Rxd4 Bc6 31. Qd2 Qe7 32. Nh2 b4 33. Ng4 b3 34.
Qf4 Rb7 35. Rd1 b2 36. Rb1 Rb4 37. f3 f5 38. Ne5 Qe6 39. Qd2 Rb8 40. Nxc6 Qxc6
41. Rxb2 Rxb2 42. Qxb2 fxe4 43. Qa2+ Kh8 44. fxe4 Qc1+ 45. Kf2 Qf4+ 46. Ke1
Qxe4+ 47. Qe2 Qd4 48. Qe8+ Kg7 49. Qe7+ Kg8 50. Ke2 Qd5 51. Kf2 Qd3 52. Qe5 Kh7
53. h4 Qd2+ 54. Kg3 Qd3+ 55. Kh2 Qc4 56. Qe7+ Kg8 57. Qg5 Kh7 58. Qf6 Qc7+ 59.
Kh3 Qd7+ 60. Kg3 Qd5 61. Qf3 Qd6+ 62. Qf4 Qd7 63. Kh2 Qd5 64. Qe3 Qd6+ 65. Kh3
Qd7+ 66. Kg3 Qd6+ 67. Kg4 Qd7+ 68. Kf4 Qd8 69. Kg3 Qd6+ 70. Qf4 Qd7 71. Qe4 Qd1
72. Kf4 Qc1+ 73. Ke5 Qa1+ 74. Ke6 Qa2+ 75. Ke7 Qf2 76. Ke8 Kh6 77. Ke7 Kh5 78.
g4+ Kxh4 79. Qxg6 Qe2+ 1/2-1/2

[Event "34 Open Internacional Ciudad de San Seba"]
[Site "Donostia-San Sebastian"]
[Date "2011.04.23"]
[Round "9"]
[White "Pogorelov, Ruslan"]
[Black "Korchnoi, Viktor"]
[Result "1/2-1/2"]
[WhiteElo "2430"]
[BlackElo "2557"]
[PlyCount "104"]
[EventDate "2011.04.16"]
[EventRounds "9"]
[EventCountry "ESP"]

1. Nf3 f5 2. d4 Nf6 3. g3 e6 4. Bg2 d5 5. c4 Be7 6. O-O O-O 7. b3 Nc6 8. Ba3
Ne4 9. Bxe7 Qxe7 10. Qc1 Bd7 11. Nc3 Qb4 12. Nd1 Be8 13. Nb2 Bh5 14. Nd3 Qd6
15. e3 Kh8 16. cxd5 exd5 17. Nfe5 Be2 18. Re1 Bxd3 19. Nxd3 g5 20. Qb2 Rae8 21.
b4 Nd8 22. b5 Ne6 23. Rac1 Kg8 24. Qb4 Qd7 25. a4 h5 26. a5 h4 27. Ne5 Qd8 28.
a6 hxg3 29. hxg3 bxa6 30. bxa6 f4 31. exf4 gxf4 32. Bxe4 dxe4 33. Rxe4 Qd5 34.
f3 Ng5 35. Rxf4 Nxf3+ 36. Rxf3 Rxf3 37. Nxf3 Qxf3 38. Qc4+ Kh8 39. Qc3 Qe2 40.
Rf1 Qe3+ 41. Qxe3 Rxe3 42. Kf2 Ra3 43. Rc1 Rxa6 44. Rxc7 Ra3 45. g4 Rd3 46. Rd7
Kg8 47. Ke2 Rg3 48. Rxa7 Kf8 49. g5 Rxg5 50. Kd3 Ke8 51. Kc4 Kd8 52. Rb7 Rh5
1/2-1/2

[Event "34 Open Internacional Ciudad de San Seba"]
[Site "Donostia-San Sebastian"]
[Date "2011.04.23"]
[Round "9"]
[White "Mateo, Ramon"]
[Black "Dgebuadze, Alexandre"]
[Result "0-1"]
[WhiteElo "2446"]
[BlackElo "2544"]
[PlyCount "88"]
[EventDate "2011.04.16"]
[EventRounds "9"]
[EventCountry "ESP"]

1. e4 e6 2. d4 d5 3. Nd2 Nf6 4. e5 Nfd7 5. f4 c5 6. Ndf3 Nc6 7. Ne2 Be7 8. c3
O-O 9. g3 b5 10. h4 b4 11. Bh3 bxc3 12. bxc3 cxd4 13. cxd4 Bb4+ 14. Kf2 Ba6 15.
Be3 Re8 16. f5 exf5 17. Bxf5 Ndxe5 18. dxe5 Nxe5 19. Nxe5 Qf6 20. Bf4 Bc5+ 21.
Kg2 Qxf5 22. Nd4 Qe4+ 23. Nef3 Bxd4 24. Qxd4 Qc2+ 25. Nd2 Re2+ 26. Kf3 Rae8 27.
Rac1 Qf5 28. g4 R8e3+ 29. Qxe3 Rxe3+ 30. Kxe3 Qxg4 31. Nf3 h6 32. Rhg1 Qe6+ 33.
Kf2 d4 34. Be5 Qxa2+ 35. Kg3 Bb7 36. Kf4 g6 37. Rc7 Qd5 38. Rxb7 Qxb7 39. Rc1
d3 40. Rc7 Qa6 41. Rd7 g5+ 42. hxg5 hxg5+ 43. Nxg5 Qa4+ 44. Rd4 Qxd4+ 0-1

[Event "34 Open Internacional Ciudad de San Seba"]
[Site "Donostia-San Sebastian"]
[Date "2011.04.23"]
[Round "9"]
[White "Andres Gonzalez, Alberto"]
[Black "Alonso Arburu, Juan Ignacio"]
[Result "1-0"]
[WhiteElo "2503"]
[BlackElo "2367"]
[PlyCount "61"]
[EventDate "2011.04.16"]
[EventRounds "9"]
[EventCountry "ESP"]

1. c4 c5 2. Nf3 Nf6 3. g3 b6 4. Bg2 Bb7 5. O-O e6 6. Nc3 Be7 7. d4 cxd4 8. Qxd4
d6 9. Rd1 O-O 10. b3 Nc6 11. Qf4 Qb8 12. Bb2 Rd8 13. Rd2 a6 14. Qe3 Qc7 15.
Rad1 Rab8 16. h3 Ba8 17. Ng5 Bf8 18. Nce4 Ne8 19. Nxh7 Kxh7 20. Ng5+ Kg8 21.
Qe4 g6 22. Qh4 Bg7 23. Qh7+ Kf8 24. Bxg7+ Nxg7 25. Qh8+ Ke7 26. Qxg7 Ne5 27.
Nh7 b5 28. Bxa8 Rxa8 29. f4 Nc6 30. Ng5 Rf8 31. Ne4 1-0

[Event "34 Open Internacional Ciudad de San Seba"]
[Site "Donostia-San Sebastian"]
[Date "2011.04.23"]
[Round "9"]
[White "Franco Alonso, Alejandro"]
[Black "Cruz-Lopez Claret, Carlos"]
[Result "1/2-1/2"]
[WhiteElo "2489"]
[BlackElo "2326"]
[PlyCount "49"]
[EventDate "2011.04.16"]
[EventRounds "9"]
[EventCountry "ESP"]

1. Nf3 d5 2. d4 Nf6 3. c4 c6 4. e3 Bf5 5. Nc3 e6 6. Nh4 Be4 7. f3 Bg6 8. Qb3
Qc7 9. Bd2 Nbd7 10. cxd5 Nxd5 11. e4 Nxc3 12. bxc3 Be7 13. Nxg6 hxg6 14. g3
Rxh2 15. Rxh2 Qxg3+ 16. Rf2 Bh4 17. O-O-O Qxf2 18. Qxb7 Rd8 19. Qxc6 Qxf3 20.
Bb5 Be7 21. Kc2 Kf8 22. Rf1 Qg2 23. e5 Qxc6 24. Bxc6 Nb6 25. Be4 1/2-1/2

[Event "34 Open Internacional Ciudad de San Seba"]
[Site "Donostia-San Sebastian"]
[Date "2011.04.23"]
[Round "9"]
[White "Etchegaray, Patrice"]
[Black "Starostits, Ilmars"]
[Result "1-0"]
[WhiteElo "2394"]
[BlackElo "2486"]
[PlyCount "81"]
[EventDate "2011.04.16"]
[EventRounds "9"]
[EventCountry "ESP"]

1. e4 c5 2. c3 d5 3. exd5 Qxd5 4. d4 Nc6 5. Nf3 e5 6. Nxe5 Nxe5 7. dxe5 Qxe5+
8. Be3 Bd7 9. Qb3 O-O-O 10. Nd2 Nf6 11. O-O-O Bc6 12. Be2 Nd5 13. Nc4 Qc7 14.
Bf3 Nxe3 15. Rxd8+ Kxd8 16. fxe3 Be7 17. Bxc6 Qxc6 18. Ne5 Qxg2 19. Rd1+ Kc8
20. Nxf7 Re8 21. Qe6+ Kb8 22. Qe5+ Kc8 23. Nd6+ Bxd6 24. Qxe8+ Kc7 25. h4 Qg4
26. Qf7+ Qd7 27. Rf1 Be5 28. Qh5 Qd5 29. Qxh7 Qxa2 30. Qf5 Qa1+ 31. Kc2 Qa4+
32. Kb1 Qe8 33. h5 a5 34. Qf7+ Qxf7 35. Rxf7+ Kc6 36. Re7 Kd5 37. Rxb7 Ke4 38.
Rb5 Bd6 39. Rxa5 Kxe3 40. Ra6 Be5 41. Rc6 1-0

[Event "34 Open Internacional Ciudad de San Seba"]
[Site "Donostia-San Sebastian"]
[Date "2011.04.23"]
[Round "9"]
[White "Tratar, Marko"]
[Black "Rabineau, Clement"]
[Result "1-0"]
[WhiteElo "2482"]
[BlackElo "2291"]
[PlyCount "92"]
[EventDate "2011.04.16"]
[EventRounds "9"]
[EventCountry "ESP"]

1. d4 Nf6 2. Nf3 g6 3. c4 Bg7 4. Nc3 d5 5. Bg5 Ne4 6. Bh4 Nxc3 7. bxc3 dxc4 8.
e3 b5 9. a4 c6 10. Nd2 Nd7 11. Qb1 Qb6 12. axb5 Qxb5 13. Nxc4 Qxb1+ 14. Rxb1
Nb6 15. Na5 c5 16. Nc6 cxd4 17. cxd4 Bd7 18. Ne5 Bxe5 19. dxe5 Rc8 20. Ra1 a5
21. Be2 a4 22. O-O O-O 23. Bxe7 Rfe8 24. Bd6 Nc4 25. Bxc4 Rxc4 26. Rfb1 g5 27.
h3 h5 28. Rb7 Bc6 29. Rc7 Ra8 30. e6 Bd5 31. exf7+ Bxf7 32. Rxc4 Bxc4 33. Rc1
Be6 34. Rc5 g4 35. Rxh5 gxh3 36. gxh3 a3 37. Be5 Kf7 38. Kh2 a2 39. Ba1 Rb8 40.
Ra5 Rb1 41. Bd4 Rf1 42. Kg2 Rc1 43. f4 Bb3 44. f5 Rc4 45. Ra7+ Kf8 46. Ra3 Rb4
1-0

[Event "34 Open Internacional Ciudad de San Seba"]
[Site "Donostia-San Sebastian"]
[Date "2011.04.23"]
[Round "9"]
[White "Pressman, Leif"]
[Black "Gonzalez Perez, Arian"]
[Result "0-1"]
[WhiteElo "2198"]
[BlackElo "2458"]
[PlyCount "102"]
[EventDate "2011.04.16"]
[EventRounds "9"]
[EventCountry "ESP"]

1. e4 c5 2. Nf3 d6 3. d4 cxd4 4. Nxd4 Nf6 5. Nc3 g6 6. Be3 Bg7 7. f3 O-O 8. Qd2
Nc6 9. O-O-O d5 10. Kb1 Rb8 11. h4 h5 12. b3 Nxd4 13. Bxd4 dxe4 14. Nxe4 Nxe4
15. fxe4 Bxd4 16. Qxd4 Bg4 17. Qxd8 Rfxd8 18. Rxd8+ Rxd8 19. Bd3 Kg7 20. a4 e5
21. Rf1 Rf8 22. a5 f5 23. Kb2 f4 24. c4 g5 25. hxg5 Kg6 26. c5 Kxg5 27. a6 bxa6
28. Bxa6 Kh4 29. Rc1 Kg3 30. Rc2 Rf7 31. b4 Rc7 32. Be2 Bxe2 33. Rxe2 h4 34.
Kc3 h3 35. gxh3 f3 36. Re1 f2 37. Ra1 Kf3 38. Rf1 Ke2 39. Ra1 Ke3 40. Rf1 Rf7
41. c6 Kxe4 42. Kc4 Ke3 43. Kd5 e4 44. h4 a6 45. Ke5 Rc7 46. Kd6 Rc8 47. Kd7
Rh8 48. c7 Ke2 49. c8=Q Rxc8 50. Kxc8 Kxf1 51. h5 Kg2 0-1

[Event "34 Open Internacional Ciudad de San Seba"]
[Site "Donostia-San Sebastian"]
[Date "2011.04.23"]
[Round "9"]
[White "Suarez Garcia, Carlos"]
[Black "Barria Zuniga, Daniel"]
[Result "1/2-1/2"]
[WhiteElo "2177"]
[BlackElo "2438"]
[PlyCount "58"]
[EventDate "2011.04.16"]
[EventRounds "9"]
[EventCountry "ESP"]

1. e4 c5 2. Nf3 e6 3. d4 cxd4 4. Nxd4 a6 5. Be2 Nf6 6. Nc3 Qc7 7. O-O d6 8. Be3
b5 9. a3 Bb7 10. Bd3 Nbd7 11. Qe2 Be7 12. Kh1 O-O 13. f4 Nc5 14. Bg1 d5 15. e5
Nfe4 16. Bxe4 Nxe4 17. Nxe4 dxe4 18. Rfd1 Rfd8 19. Nb3 Rac8 20. Rac1 Qc4 21.
Qxc4 bxc4 22. Nc5 Bxc5 23. Bxc5 Rxd1+ 24. Rxd1 Bd5 25. Bd4 h5 26. Kg1 Kh7 27.
Kf2 Kg6 28. Ke3 Kf5 29. Rf1 Rh8 1/2-1/2

[Event "34 Open Internacional Ciudad de San Seba"]
[Site "Donostia-San Sebastian"]
[Date "2011.04.23"]
[Round "9"]
[White "Aranaz Murillo, Amalia"]
[Black "Argandona Riveiro, Inigo"]
[Result "1/2-1/2"]
[WhiteElo "2164"]
[BlackElo "2389"]
[PlyCount "92"]
[EventDate "2011.04.16"]
[EventRounds "9"]
[EventCountry "ESP"]

1. Nf3 Nf6 2. c4 e6 3. g3 d5 4. d4 Be7 5. Bg2 O-O 6. O-O dxc4 7. Ne5 Nc6 8.
Bxc6 bxc6 9. Nxc6 Qe8 10. Nxe7+ Qxe7 11. Qa4 Rb8 12. Qxc4 Rb4 13. Qc5 Qxc5 14.
dxc5 Ba6 15. Re1 Rc4 16. Nc3 Rb8 17. Nd1 Nd5 18. Ne3 Nxe3 19. Bxe3 Rxb2 20.
Rab1 Rcc2 21. Rxb2 Rxb2 22. Rd1 h5 23. Rd2 Rxd2 24. Bxd2 Bxe2 25. Bf4 c6 26.
Bb8 a6 27. f4 Bd1 28. Bc7 Kh7 29. Kf2 Kg6 30. Ke3 Kf5 31. h3 f6 32. h4 Ba4 33.
Bd6 Bc2 34. Bf8 g6 35. Bd6 a5 36. a4 Bxa4 37. Bc7 Bb3 38. Bxa5 e5 39. fxe5 Kxe5
40. Bc7+ Kf5 41. Bd8 Bd5 42. Be7 g5 43. hxg5 fxg5 44. Kf2 Kg4 45. Bd6 Kh3 46.
Kg1 h4 1/2-1/2

[Event "34 Open Internacional Ciudad de San Seba"]
[Site "Donostia-San Sebastian"]
[Date "2011.04.23"]
[Round "9"]
[White "Alvarez Fernandez, Enrique"]
[Black "Diez Fraile, David"]
[Result "1-0"]
[WhiteElo "2374"]
[BlackElo "2165"]
[PlyCount "121"]
[EventDate "2011.04.16"]
[EventRounds "9"]
[EventCountry "ESP"]

1. d4 f5 2. Nf3 Nf6 3. Bf4 d6 4. h3 g6 5. e3 Bg7 6. c4 O-O 7. Bh2 Nc6 8. Nc3 e6
9. Be2 Qe7 10. O-O Kh8 11. Rc1 Nd8 12. b4 Nf7 13. c5 g5 14. Nb5 Ne8 15. Qb3 d5
16. Ne5 a6 17. Na3 c6 18. Nc2 Nh6 19. f4 gxf4 20. exf4 Nf6 21. Bf3 Bd7 22. g4
Ne4 23. Bxe4 fxe4 24. Ne3 Rg8 25. Kh1 Raf8 26. Qc3 Be8 27. Rc2 Qd8 28. Rd2 Qe7
29. Rg2 Qd8 30. Nc2 Nf7 31. Kg1 Qe7 32. Bg3 Qd8 33. Qe1 b6 34. Bh4 Qc7 35. Qc3
b5 36. a4 bxa4 37. Qa1 a5 38. Qxa4 axb4 39. Qxb4 Bd7 40. Be7 Nxe5 41. dxe5 Rb8
42. Qc3 Qb7 43. Rg3 Qb2 44. Ra1 h6 45. Bd6 Qxc3 46. Rxc3 Rb7 47. Rca3 Rb2 48.
R1a2 Rb1+ 49. Kf2 Bf8 50. Ra8 Bxd6 51. cxd6 Rbb8 52. R8a7 Rg7 53. Nd4 Rb4 54.
R7a4 Rb7 55. Ra6 Rf7 56. Ke3 Rb1 57. Ra1 Rb2 58. R6a2 Rb4 59. Ra8+ Kg7 60. Rd8
Kg6 61. Ra7 1-0

[Event "34 Open Internacional Ciudad de San Seba"]
[Site "Donostia-San Sebastian"]
[Date "2011.04.23"]
[Round "9"]
[White "Bas Mas, Jose Joaquin"]
[Black "Abello, Sebastien"]
[Result "0-1"]
[WhiteElo "2150"]
[BlackElo "2337"]
[PlyCount "44"]
[EventDate "2011.04.16"]
[EventRounds "9"]
[EventCountry "ESP"]

1. e4 e6 2. d4 d5 3. Nd2 Be7 4. Bd3 c5 5. dxc5 Nf6 6. Qe2 O-O 7. Ngf3 a5 8. O-O
Na6 9. e5 Nd7 10. c3 Naxc5 11. Bc2 b6 12. Qe3 f6 13. exf6 Bxf6 14. Nb3 g6 15.
Ng5 Qe7 16. h4 e5 17. h5 e4 18. hxg6 hxg6 19. f3 Ba6 20. Rf2 Ne5 21. Nh3 Bh4
22. fxe4 Ng4 0-1

[Event "34 Open Internacional Ciudad de San Seba"]
[Site "Donostia-San Sebastian"]
[Date "2011.04.23"]
[Round "9"]
[White "Silva Rodriguez, Julio"]
[Black "Velten, Paul"]
[Result "0-1"]
[WhiteElo "2103"]
[BlackElo "2281"]
[PlyCount "92"]
[EventDate "2011.04.16"]
[EventRounds "9"]
[EventCountry "ESP"]

1. e4 e6 2. Nf3 d5 3. Nc3 Nf6 4. e5 Nfd7 5. d4 c5 6. dxc5 Nc6 7. Bf4 Nxc5 8. h4
Bd7 9. h5 Qb6 10. Rh4 Qxb2 11. Nb5 Nb4 12. Nfd4 Nxc2+ 13. Nxc2 Bxb5 14. Qd4
Bxf1 15. Qxb2 Nd3+ 16. Kxf1 Nxb2 17. Rb1 Nd3 18. Rxb7 Rc8 19. Nd4 Bc5 20. Nb3
Bb6 21. Rg4 Nxf4 22. Rxf4 O-O 23. a4 Rc7 24. Rxc7 Bxc7 25. Rb4 Bxe5 26. Rb7 Rb8
27. Rd7 h6 28. Nc5 Bd4 29. Nb7 Be5 30. Nd8 Bf6 31. Nxf7 Rf8 32. Nd6 Rd8 33.
Rxd8+ Bxd8 34. Nb7 Bb6 35. a5 Bc7 36. Ke2 Kf7 37. a6 Ke7 38. g4 e5 39. Kf3 Bb6
40. Kg3 Kd7 41. f4 e4 42. g5 d4 43. f5 hxg5 44. f6 gxf6 45. h6 f5 46. h7 Bc7+
0-1

[Event "34 Open Internacional Ciudad de San Seba"]
[Site "Donostia-San Sebastian"]
[Date "2011.04.23"]
[Round "9"]
[White "Hernandez, Elvis"]
[Black "Pastor Pons, Pedro Maria"]
[Result "1-0"]
[WhiteElo "2276"]
[BlackElo "2156"]
[PlyCount "80"]
[EventDate "2011.04.16"]
[EventRounds "9"]
[EventCountry "ESP"]

1. e4 g6 2. d4 Bg7 3. Nc3 d6 4. Be3 c6 5. Qd2 h6 6. a4 Nf6 7. h3 b6 8. g3 Qc7
9. Bg2 Nbd7 10. Nge2 e5 11. f4 Ba6 12. O-O O-O-O 13. Rfe1 h5 14. d5 c5 15. Ra3
h4 16. Rea1 Kb7 17. a5 Ra8 18. axb6 axb6 19. f5 hxg3 20. fxg6 fxg6 21. Nxg3 Bc4
22. b3 Rxa3 23. Rxa3 Ba6 24. Qc1 Nb8 25. Qa1 Qd7 26. Bf1 c4 27. bxc4 Rxh3 28.
Nf5 Rf3 29. Bg2 Rxe3 30. Nxe3 Bh6 31. Qe1 Bf4 32. Ne2 Qc8 33. Nxf4 exf4 34. e5
Nh5 35. Qb4 fxe3 36. Rxe3 Nf4 37. Rf3 Qg4 38. Qd2 dxe5 39. d6 Bxc4 40. Rxf4+
Qxg2+ 1-0

[Event "34 Open Internacional Ciudad de San Seba"]
[Site "Donostia-San Sebastian"]
[Date "2011.04.23"]
[Round "9"]
[White "Prosviriakov, Vladimir"]
[Black "Torres Ganuza, Fco  Javier"]
[Result "1-0"]
[WhiteElo "2254"]
[BlackElo "2120"]
[PlyCount "79"]
[EventDate "2011.04.16"]
[EventRounds "9"]
[EventCountry "ESP"]

1. e4 c5 2. Nf3 d6 3. d4 cxd4 4. Qxd4 a6 5. c4 Nc6 6. Qd2 Nf6 7. Nc3 g6 8. Be2
Bg7 9. O-O O-O 10. Rb1 h6 11. b3 Be6 12. Bb2 Qa5 13. a3 Rac8 14. Rfe1 Ng4 15.
Bf1 Qh5 16. h3 Nge5 17. Nxe5 dxe5 18. Nd5 Rfd8 19. Qe3 Kf8 20. Qb6 Rd7 21. Qc5
Rd6 22. Qb6 Rd7 23. Rbd1 Rcd8 24. Rd3 Bxd5 25. exd5 Nd4 26. Bxd4 exd4 27. Rf3
Qg5 28. Bd3 Bf6 29. Qb4 Kg7 30. g3 h5 31. h4 Qh6 32. Kg2 g5 33. hxg5 Bxg5 34.
Re5 Bf6 35. Ref5 Rg8 36. c5 h4 37. g4 Kf8 38. Rxf6 Rxg4+ 39. Kh3 Rg3+ 40. fxg3
1-0

[Event "34 Open Internacional Ciudad de San Seba"]
[Site "Donostia-San Sebastian"]
[Date "2011.04.23"]
[Round "9"]
[White "Houweling, Bert"]
[Black "Santos Latasa, Jaime"]
[Result "0-1"]
[WhiteElo "2027"]
[BlackElo "2227"]
[PlyCount "52"]
[EventDate "2011.04.16"]
[EventRounds "9"]
[EventCountry "ESP"]

1. e4 c6 2. d4 d5 3. exd5 cxd5 4. Bd3 Nc6 5. c3 Qc7 6. Qe2 Nxd4 7. Bb5+ Nxb5 8.
Qxb5+ Qc6 9. Qd3 Bg4 10. Ne2 Bxe2 11. Qxe2 e6 12. O-O Bd6 13. Be3 Ne7 14. Nd2
O-O 15. Kh1 Nf5 16. Rad1 b5 17. Nf3 Qc4 18. Qc2 Rfc8 19. Rfe1 b4 20. Rd4 Nxd4
21. Bxd4 bxc3 22. bxc3 e5 23. Qf5 g6 24. Qh3 exd4 25. Ng5 h5 26. Nxf7 Re8 0-1

[Event "34 Open Internacional Ciudad de San Seba"]
[Site "Donostia-San Sebastian"]
[Date "2011.04.23"]
[Round "9"]
[White "Navarrete Espi, Samuel"]
[Black "Praveen Kumar, C."]
[Result "0-1"]
[WhiteElo "2127"]
[BlackElo "2352"]
[PlyCount "40"]
[EventDate "2011.04.16"]
[EventRounds "9"]
[EventCountry "ESP"]

1. e4 e6 2. d4 d5 3. Nc3 Nc6 4. Nf3 Nf6 5. e5 Ne4 6. Ne2 f6 7. Ng3 Bd7 8. Bd3
f5 9. Bxe4 dxe4 10. Ng5 Qe7 11. Nh3 h6 12. Nf4 Qf7 13. h4 g6 14. a3 O-O-O 15.
b4 Bg7 16. Bb2 Be8 17. Qe2 Nxd4 18. Qc4 Bb5 19. Qc3 Bxe5 20. Qc5 b6 0-1

[Event "34 Open Internacional Ciudad de San Seba"]
[Site "Donostia-San Sebastian"]
[Date "2011.04.23"]
[Round "9"]
[White "Trepat Herranz, Joan"]
[Black "Diaz Herrero, Alvaro"]
[Result "1-0"]
[WhiteElo "2343"]
[BlackElo "2126"]
[PlyCount "49"]
[EventDate "2011.04.16"]
[EventRounds "9"]
[EventCountry "ESP"]

1. d4 Nf6 2. c4 Nc6 3. Nf3 e6 4. a3 g6 5. Nc3 Bg7 6. e4 d6 7. h3 O-O 8. Be3 Re8
9. Bd3 e5 10. d5 Nd4 11. Nxd4 exd4 12. Bxd4 Nxe4 13. Bxe4 f5 14. Bxg7 Kxg7 15.
Qd4+ Qf6 16. Qxf6+ Kxf6 17. f3 Kg7 18. Kf2 fxe4 19. Rhe1 Bd7 20. Nxe4 a6 21.
Rac1 Re5 22. Nc5 Bf5 23. Rxe5 dxe5 24. g4 Bc8 25. Nd3 1-0

[Event "34 Open Internacional Ciudad de San Seba"]
[Site "Donostia-San Sebastian"]
[Date "2011.04.23"]
[Round "9"]
[White "Piasetski, Leon"]
[Black "Clement, Alexandre"]
[Result "1-0"]
[WhiteElo "2299"]
[BlackElo "1982"]
[PlyCount "85"]
[EventDate "2011.04.16"]
[EventRounds "9"]
[EventCountry "ESP"]

1. Nf3 d5 2. d4 Nf6 3. c4 c6 4. e3 e6 5. b3 Nbd7 6. Bb2 Bd6 7. Nbd2 Ne4 8. Nxe4
dxe4 9. Nd2 f5 10. Qh5+ g6 11. Qh6 Qf6 12. O-O-O Bf8 13. Qf4 Bg7 14. Qd6 Qe7
15. Qxe7+ Kxe7 16. f3 exf3 17. Nxf3 Nf6 18. Bd3 Ng4 19. Rhe1 Nf2 20. Rd2 Nxd3+
21. Rxd3 Bd7 22. Ba3+ Kd8 23. Bd6 a5 24. Be5 Bxe5 25. Nxe5 Kc7 26. c5 Rhf8 27.
Re2 g5 28. e4 h5 29. Nc4 f4 30. Rf2 Rf6 31. Rff3 Raf8 32. Rf1 h4 33. e5 R6f7
34. Nd6 Rh7 35. Ne4 Rf5 36. Nf6 Rh8 37. h3 Be8 38. Rc3 Bh5 39. Kd2 Bg6 40. Rc4
Ra8 41. Ra4 Ra6 42. Ke2 Ra8 43. Kf2 1-0

[Event "34 Open Internacional Ciudad de San Seba"]
[Site "Donostia-San Sebastian"]
[Date "2011.04.23"]
[Round "9"]
[White "Rabin, Evan Z"]
[Black "Krulich, Roman"]
[Result "0-1"]
[WhiteElo "2035"]
[BlackElo "2225"]
[PlyCount "80"]
[EventDate "2011.04.16"]
[EventRounds "9"]
[EventCountry "ESP"]

1. e4 c5 2. Nf3 d6 3. Bb5+ Bd7 4. Bxd7+ Qxd7 5. c4 Nf6 6. Nc3 g6 7. d4 cxd4 8.
Nxd4 Bg7 9. O-O O-O 10. f3 a6 11. Bg5 e6 12. Qd2 Nc6 13. Nde2 Ne5 14. b3 Rfc8
15. Rad1 Ne8 16. f4 Ng4 17. h3 f6 18. Bh4 Nh6 19. Na4 Qc7 20. Bf2 Rab8 21. Ba7
Ra8 22. Be3 Rab8 23. f5 b5 24. Nac3 b4 25. Na4 Nf7 26. Nf4 Qb7 27. Nb6 Rc6 28.
fxe6 Ng5 29. Nbd5 Nxe4 30. Qd3 f5 31. g4 Be5 32. gxf5 gxf5 33. Kh2 Ng7 34. Bd4
Re8 35. Bxe5 dxe5 36. Rg1 exf4 37. Qxe4 fxe4 38. Nf6+ Kh8 39. Rd7 Qxd7 40. Nxd7
Rd8 0-1

[Event "34 Open Internacional Ciudad de San Seba"]
[Site "Donostia-San Sebastian"]
[Date "2011.04.23"]
[Round "9"]
[White "Prieto Aranguren, Alain"]
[Black "Houdeyer, Hendricks"]
[Result "1-0"]
[WhiteElo "2219"]
[BlackElo "1978"]
[PlyCount "75"]
[EventDate "2011.04.16"]
[EventRounds "9"]
[EventCountry "ESP"]

1. d4 d6 2. c4 Nf6 3. Nc3 Nbd7 4. Nf3 e5 5. e4 Be7 6. Be2 O-O 7. O-O c6 8. Re1
Qc7 9. Bf1 b6 10. h3 Bb7 11. Bg5 Rae8 12. Rc1 h6 13. Bh4 Nh7 14. Bg3 Ng5 15. d5
c5 16. h4 Nh7 17. Qd3 a6 18. Nd1 Bc8 19. Ne3 Qd8 20. a3 Kh8 21. b4 Ndf6 22. Rb1
Nxe4 23. Qxe4 f5 24. Qc2 f4 25. Bd3 fxg3 26. fxg3 Nf6 27. Bg6 Ng4 28. Rb3 e4
29. Nxg4 exf3 30. gxf3 Bf6 31. Rxe8 Bd4+ 32. Ree3 Bxg4 33. fxg4 Rf3 34. Qe4
Rxg3+ 35. Kf2 Rxe3 36. Rxe3 Qxh4+ 37. Ke2 Be5 38. Qf5 1-0

[Event "34 Open Internacional Ciudad de San Seba"]
[Site "Donostia-San Sebastian"]
[Date "2011.04.23"]
[Round "9"]
[White "Smith, Matthieu"]
[Black "Ibar, Marcelo"]
[Result "0-1"]
[WhiteElo "2019"]
[BlackElo "2217"]
[PlyCount "63"]
[EventDate "2011.04.16"]
[EventRounds "9"]
[EventCountry "ESP"]

1. Nf3 c5 2. e3 g6 3. d4 Bg7 4. c4 Nf6 5. Nc3 O-O 6. Be2 cxd4 7. exd4 d5 8. O-O
Nc6 9. Ne5 Be6 10. Nxc6 bxc6 11. c5 Qd7 12. Bf4 Ne4 13. Qa4 Nxc3 14. bxc3 Bf5
15. Rfe1 Rfe8 16. Bf3 f6 17. h3 e5 18. Bh2 h5 19. c4 e4 20. Be2 Be6 21. cxd5
Bxd5 22. Ba6 f5 23. Rab1 g5 24. Rb7 Qe6 25. Rc7 Re7 26. Rxe7 Qxe7 27. Bd6 Qe6
28. Bb7 Rd8 29. Bxc6 Bxc6 30. Qxc6 Bxd4 31. Rd1 Qxa2 32. Kh1 {Tiempo} 0-1

[Event "34 Open Internacional Ciudad de San Seba"]
[Site "Donostia-San Sebastian"]
[Date "2011.04.23"]
[Round "9"]
[White "Guijarro Galan, Jose Luis"]
[Black "Rodriguez Montes, Sostenes"]
[Result "1-0"]
[WhiteElo "2206"]
[BlackElo "1770"]
[PlyCount "53"]
[EventDate "2011.04.16"]
[EventRounds "9"]
[EventCountry "ESP"]

1. e4 c5 2. Nf3 d6 3. c3 Nc6 4. d4 cxd4 5. cxd4 e6 6. Nc3 a6 7. Bf4 Be7 8. d5
e5 9. Be3 Na7 10. Qa4+ Bd7 11. Qb3 Nb5 12. Bxb5 axb5 13. Nxb5 Qa5+ 14. Nc3 Nf6
15. O-O O-O 16. Rac1 b5 17. a3 Rfb8 18. Bd2 Qb6 19. Qb4 h6 20. Nxe5 Be8 21. Be3
Qd8 22. Nc6 Bxc6 23. dxc6 d5 24. Bc5 Bxc5 25. Qxc5 Nxe4 26. Nxe4 dxe4 27. c7
1-0

[Event "34 Open Internacional Ciudad de San Seba"]
[Site "Donostia-San Sebastian"]
[Date "2011.04.23"]
[Round "9"]
[White "Lillo Ferrer, Jose Maria M"]
[Black "Baron, Romuald"]
[Result "1-0"]
[WhiteElo "2151"]
[BlackElo "1950"]
[PlyCount "67"]
[EventDate "2011.04.16"]
[EventRounds "9"]
[EventCountry "ESP"]

1. d4 Nf6 2. Bg5 Ne4 3. Bf4 d5 4. f3 Nf6 5. e4 dxe4 6. Nc3 exf3 7. Nxf3 Bg4 8.
Bc4 e6 9. O-O Bd6 10. Bg5 h6 11. Bh4 g5 12. Bf2 c6 13. Qd3 Nbd7 14. Rae1 Qc7
15. d5 O-O-O 16. dxc6 bxc6 17. Ba6+ Kb8 18. Na4 Nc5 19. Nxc5 Bxc5 20. Qb3+ Bb6
21. Kh1 Nd5 22. Ne5 f5 23. c4 Ka8 24. cxd5 Bxf2 25. Rxf2 Rb8 26. Qe3 exd5 27.
Nxg4 fxg4 28. Rc2 Qa5 29. Bf1 d4 30. Qe4 Rhc8 31. Rec1 Qxa2 32. Rxc6 Rxc6 33.
Qxc6+ Rb7 34. Qe8+ 1-0